Siempre presencia de dios / (Record no. 109074)
[ view plain ]
| 000 -LEADER | |
|---|---|
| campo de control de longitud fija | 00739nam a2200217 4500 |
| 001 - NÚMERO DE CONTROL | |
| campo de control | 109074 |
| 003 - IDENTIFICADOR DE NÚMERO DE CONTROL | |
| campo de control | ES-MaACL |
| 005 - FECHA Y HORA DE LA ÚLTIMA TRANSACCIÓN | |
| campo de control | 20250824230749.0 |
| 007 - CAMPO FIJO DE DESCRIPCIÓN FÍSICA--INFORMACIÓN GENERAL | |
| campo de control de longitud fija | t| |
| 008 - DATOS DE LONGITUD FIJA--INFORMACIÓN GENERAL | |
| campo de control de longitud fija | 061121s1970 sp r ||||1| spa d |
| 100 1# - ENTRADA PRINCIPAL--NOMBRE DE PERSONA | |
| Nombre de persona | Moynihan, Anselm. |
| 9 (RLIN) | 83992 |
| 245 10 - MENCIÓN DEL TÍTULO | |
| Título | Siempre presencia de dios / |
| Mención de responsabilidad, etc. | Anselm Moynihan, Friedrich von Húgel; versión de José Mª Sánchez de Muniain y Sabater. |
| 260 ## - PUBLICACIÓN, DISTRIBUCIÓN, ETC. | |
| Lugar de publicación, distribución, etc. | Madrid : |
| Nombre del editor, distribuidor, etc. | Rialp, |
| Fecha de publicación, distribución, etc. | 1970. |
| 300 ## - DESCRIPCIÓN FÍSICA | |
| Extensión | 173 p ; |
| Dimensiones | 19 cm. |
| 490 1# - MENCIÓN DE SERIE | |
| Mención de serie | P. Patmos ; |
| Designación de volumen o secuencia | 138 |
| 700 1# - ENTRADA AGREGADA--NOMBRE PERSONAL | |
| Nombre de persona | Huegel, Friedrich von |
| Títulos y otros términos asociados al nombre | , Baron. |
| 9 (RLIN) | 64532 |
| 700 1# - ENTRADA AGREGADA--NOMBRE PERSONAL | |
| Nombre de persona | Sánchez de Muniain y Sabater, José María. |
| 9 (RLIN) | 102591 |
| 830 00 - PUNTO DE ACCESO ADICIONAL DE SERIE-TÍTULO UNIFORME | |
| Título uniforme | Patmos (Rialp) |
| Designación de volumen o secuencia | 138 |
| 9 (RLIN) | 181154 |
| 852 ## - LOCALIZACIÓN | |
| Ubicación | ES-MaACL |
| Número de control de estantería | C-47069 |
| Sublocalización o colección | R.75230 |
| Estatus retirado | Estado de pérdida | Estado de daño | No para préstamo | Biblioteca de origen | Biblioteca actual | Ubicación en estantería | Fecha de adquisición | Fuente de adquisición | Total de préstamos | Signatura topográfica completa | Código de barras | Visto por última vez | Precio de reemplazo | Tipo de ítem Koha |
|---|---|---|---|---|---|---|---|---|---|---|---|---|---|---|
| Biblioteca del Ateneo de Madrid | Biblioteca del Ateneo de Madrid | Depósito 2 | 17/01/2008 | C-47069 | 1113811 | 23/02/2023 | 23/02/2023 | Libro impreso |
